Bồi dưỡng, phát triển năng lực tự học môn toán cho học sinh trung học phổ thông
Cơ sở lí luận. Các biện pháp nhằm bồi dưỡng, phát triển năng lực tự học môn Toán cho học sinh Trung học phổ thông
Đã lưu trong:
| Hovedforfatter: | |
|---|---|
| Andre forfattere: | |
| Format: | Bog |
| Sprog: | Vietnamese |
| Udgivet: |
Đà Nẵng
Đại học Sư phạm, Đại học Đà Nẵng
2013
|
| Fag: | |
| Tags: |
Tilføj Tag
Ingen Tags, Vær først til at tagge denne postø!
|
| Thư viện lưu trữ: | Mạng thư viện Đại học Đà Nẵng |
|---|
| LEADER | 01589nam a2200361 4500 | ||
|---|---|---|---|
| 001 | 000018715 | ||
| 003 | 15150 | ||
| 005 | 20131220151215.0 | ||
| 008 | 131218s2013 viesd | ||
| 041 | |a vie | ||
| 082 | 1 | 4 | |a 510.7 |b ĐĂ-C |
| 100 | 1 | |a Đặng Minh Chấu | |
| 245 | 1 | 0 | |a Bồi dưỡng, phát triển năng lực tự học môn toán cho học sinh trung học phổ thông |c Đặng Minh Chấu ; Ngô Thị Bích Thủy hướng dẫn |k Khóa luận tốt nghiệp |
| 260 | |a Đà Nẵng |b Đại học Sư phạm, Đại học Đà Nẵng |c 2013 | ||
| 300 | |a 39 tr. |c 29 cm. |e Bản tóm tắt | ||
| 500 | |a Khóa luận tốt nghiệp đại học. Chuyên ngành: Sư phạm Toán | ||
| 520 | |a Cơ sở lí luận. Các biện pháp nhằm bồi dưỡng, phát triển năng lực tự học môn Toán cho học sinh Trung học phổ thông | ||
| 650 | 0 | 4 | |a Toán học |v Khóa luận tốt nghiệp |x Dạy và học |
| 653 | |a Khoa Toán | ||
| 653 | |a Giáo dục phổ thông | ||
| 653 | |a Toán học | ||
| 653 | |a Tự học | ||
| 700 | 1 | |a Ngô Thị Bích Thủy |e Hướng dẫn | |
| OWN | |a LSP | ||
| AVA | |a UDN50 |b LSP |d 510.7 ĐĂ-C |e available |t Error 5001 Not defined in file expand_doc_bib_avail. |f 1 |g 0 |h N |i 0 |k 1 | ||
| 999 | |a From the UDN01 | ||
| AVA | |a UDN50 |b LSP |d 510.7 ĐĂ-C |e available |t Error 5001 Not defined in file expand_doc_bib_avail. |f 1 |g 0 |h N |i 0 |k 1 | ||
| TYP | |a Monograph | ||
| TYP | |a Printed language | ||
| 980 | |a Mạng thư viện Đại học Đà Nẵng | ||